Passage of Change (Record no. 351246)
[ view plain ]
| 000 -LEADER | |
|---|---|
| fixed length control field | 00527nam a2200121Ia 4500 |
| 008 - FIXED-LENGTH DATA ELEMENTS--GENERAL INFORMATION | |
| fixed length control field | 171212s9999 xx 000 0 und d |
| 020 ## - INTERNATIONAL STANDARD BOOK NUMBER | |
| International Standard Book Number | 9781921666889 |
| 245 ## - TITLE STATEMENT | |
| Statement of responsibility, etc | editor Jowitt, Anita;Cain, Tess Newton |
| Title | Passage of Change |
| Remainder of title | Law, Society and Governance in the Pacific |
| 260 ## - PUBLICATION, DISTRIBUTION, ETC. (IMPRINT) | |
| Name of publisher, distributor, etc | ANU E Press |
| Date of publication, distribution, etc | 2010 |
| 650 ## - SUBJECT ADDED ENTRY--TOPICAL TERM | |
| Topical term or geographic name as entry element | Business |
| 650 ## - SUBJECT ADDED ENTRY--TOPICAL TERM | |
| Topical term or geographic name as entry element | Jurisprudence -- Pacific Area; Customary law -- Pacific Area; Pacific Area -- Politics and government; Pacific Area -- Social conditions |
| 856 ## - ELECTRONIC LOCATION AND ACCESS | |
| Uniform Resource Identifier | <a href="www.jstor.org/stable/10.2307/j.ctt24h3jd">www.jstor.org/stable/10.2307/j.ctt24h3jd</a> |
| Withdrawn status | Lost status | Damaged status | Home library | Current library | Date acquired | Total Checkouts | Date last seen | Price effective from | Koha item type |
|---|---|---|---|---|---|---|---|---|---|
| College Library | College Library | 12/12/2017 | 12/12/2017 | 12/12/2017 | Curriculum - Based eBooks |